000 00585nam a22001937a 4500
999 _c15210
_d15210
003 OSt
082 _2631.75807 REE/ER
088 _aP 102
100 _aREENA FRANKLIN
_92778
245 _aErosion studies using rainfall simulator
260 _aTavanur 2000
_bKelappaji College of Agricultural Engineering and Technology
300 _a68
500 _aErosion studies using rainfall simulator
520 _aErosion studies using rainfall simulator
700 _aShibi K. Majeed
_92779
700 _aSumesh Kumar T
_92780
700 _aEr. Shyla Joseph (Guide)
_92708
942 _cPR